Arte y sociedad en Galdós

Gardado en:
Detalles Bibliográficos
Autor Principal: Sopeña Ibáñez, Federico
Formato: Libro
Idioma:Undetermined
Publicado: Madrid, España Gredos 1970
Materias:
Etiquetas: Engadir etiqueta
Sen Etiquetas, Sexa o primeiro en etiquetar este rexistro!

MARC

LEADER 00000nam a2200000Ia 4500
008 170316s9999 xx 000 0 und d
040 |a cru BVZT 
090 |a C-862 S-15a 
100 |a Sopeña Ibáñez, Federico 
245 |a Arte y sociedad en Galdós 
260 |a Madrid, España 
260 |b Gredos 
260 |c 1970 
300 |a 179 páginas 
650 |a LITERATURA ESPAÑOLA 
650 |a CRÍTICA 
999 |c 13192  |d 13192 
942 |c 15 D  |h C-862 S-15a  |2 z